| 000 | 00478nam a2200181 a 4500 | ||
|---|---|---|---|
| 005 | 20240215063823.0 | ||
| 008 | 991125s1971 mx 000 0 spa u | ||
| 035 | _aUPN01000025676 | ||
| 049 | _aCG | ||
| 050 | 4 |
_aHD38 _bB3.38 |
|
| 100 | 1 | _aBarry, W. S. | |
| 245 | 1 | 0 |
_aFundamentos de la gerencia / _cW. S. Barry ; tr. Félix Blanco. |
| 260 |
_aMéxico : _bOasis, _c1971. |
||
| 300 | _a275 p. | ||
| 650 | 4 |
_aAdministración _928 |
|
| 650 | 4 | _aJEFES EJECUTIVOS | |
| 905 | _aLibro | ||
| 999 |
_c25676 _d25676 |
||